Science Quiz

Random Science or Astronomy Quiz

Combination Lock: NASA Apollo Crews Quiz Stats

 Plays Quiz Updated Apr 3, 2020

Support Sporcle.
Go Orange.
Score 0/36 Timer 07:00
0 Plays Today
Astronaut Mission % Correct
108 - Neil ArmstrongApollo 11 NA-BA-MC
96.4%
203 - Edwin 'Buzz' AldrinApollo 11 NA-BA-MC
96.4%
308 - Michael CollinsApollo 11 NA-BA-MC
96.4%
105 - James Lovell, Jr.Apollo 13 JL-FH-JS
76%
205 - Fred Haise, Jr.Apollo 13 JL-FH-JS
76%
305 - John SwigertApollo 13 JL-FH-JS
76%
110 - Virgil 'Gus' GrissomApollo 1 GG-RC-EW
64.7%
208 - Roger ChaffeeApollo 1 GG-RC-EW
64.7%
303 - Edward White IIApollo 1 GG-RC-EW
64.7%
104 - Frank Borman IIApollo 8 FB-WA-JL
50.9%
211 - William AndersApollo 8 FB-WA-JL
50.9%
304 - James Lovell, Jr.Apollo 8 FB-WA-JL
50.9%
101 - Charles 'Pete' ConradApollo 12 PC-AB-RG
50.7%
200 - Alan BeanApollo 12 PC-AB-RG
50.7%
309 - Richard Gordon, Jr.Apollo 12 PC-AB-RG
50.7%
103 - Eugene CernanApollo 17 EC-HS-RE
45.9%
206 - Harrison SchmittApollo 17 EC-HS-RE
45.9%
310 - Ronald EvansApollo 17 EC-HS-RE
45.9%
Astronaut Mission % Correct
100 - Alan Shepard, Jr.Apollo 14 AS-EM-SR
45.7%
202 - Edgar MitchellApollo 14 AS-EM-SR
45.7%
311 - Stuart RoosaApollo 14 AS-EM-SR
45.7%
111 - Walter SchirraApollo 7 WS-WC-DE
42.9%
210 - Walter CunninghamApollo 7 WS-WC-DE
42.9%
302 - Donn EiseleApollo 7 WS-WC-DE
42.9%
107 - John YoungApollo 16 JY-CD-KM
41.3%
201 - Charles Duke, Jr.Apollo 16 JY-CD-KM
41.3%
307 - Kenneth Mattingly IIApollo 16 JY-CD-KM
41.3%
102 - David ScottApollo 15 DS-JI-AW
41.1%
207 - James IrwinApollo 15 DS-JI-AW
41.1%
300 - Alfred WordenApollo 15 DS-JI-AW
41.1%
301 - David ScottApollo 9 JM-RS-DS
40.3%
106 - James McDivittApollo 9 JM-RS-DS
40.2%
209 - Russell SchweickartApollo 9 JM-RS-DS
40.2%
109 - Thomas StaffordApollo 10 TS-EC-JY
39.3%
204 - Eugene CernanApollo 10 TS-EC-JY
39.3%
306 - John YoungApollo 10 TS-EC-JY
39.3%

You're not logged in!

Compare scores with friends on all Sporcle quizzes.
OR
Log In

From the Vault

Tekken Characters

by BlueWingX

After successfully completing this quiz, you will unlock the feared Sporcle-Man whose origins are unknown and whose special ability is the ever growing super brain.
Remove Ads.
Support Sporcle.
Get the best of Sporcle when you Go Orange. This ad-free experience offers more features, more stats, and more fun while also helping to support Sporcle. Thank you for becoming a member.

Show Comments

Extras

Top Quizzes Today


Score Distribution

Your Account Isn't Verified!

In order to create a playlist on Sporcle, you need to verify the email address you used during registration. Go to your Sporcle Settings to finish the process.

Report this User

Report this user for behavior that violates our Community Guidelines.

Details: